[Event "AUT_chT 2012/13"]
[Site "Hohenems"]
[Date "2012.11.03"]
[Round "2"]
[Board "6"]
[White "Vyskocil, Neklan"]
[Black "Schwarhofer, Christopher"]
[Result "1-0"]
[WhiteElo "2381"]
[BlackElo "2291"]
[PlyCount "75"]
[EventDate "2012.11.02"]
[EventType "team"]
[EventRounds "11"]
[EventCountry "AUT"]
[WhiteTeam "SK Zwettl"]
[BlackTeam "SK Sparkasse Fuerstenfeld"]

1. e4 c5 2. c3 d5 3. exd5 Qxd5 4. d4 Nc6 5. Nf3 Bg4 6. Be2 cxd4 7. cxd4 e6 8.
Nc3 Qa5 9. O-O Nf6 10. h3 Bh5 11. Be3 Be7 12. a3 Nd5 13. Nxd5 Qxd5 14. Rc1 O-O
15. Qd2 Rfd8 16. Rfd1 h6 17. Rc3 Rd7 18. Qc2 a6 19. b4 Bg6 20. Qc1 Rad8 21. Qb2
Bf6 22. Rc5 Qd6 23. Ne5 Nxd4 24. Bxd4 Qxd4 25. Rxd4 Rxd4 26. Rc8 Kh7 27. f4
Rxc8 28. Qxd4 Rd8 29. Qe3 Bf5 30. Kh2 g5 31. Bg4 Bb1 32. Nxf7 Rd4 33. Qxe6 Rxf4
34. Nd6 Bg6 35. Bf5 Bxf5 36. Nxf5 Kg6 37. Ne7+ Kh5 38. Qf7+ 1-0

[Event "AUT_chT 2012/13"]
[Site "Hohenems"]
[Date "2012.11.04"]
[Round "3"]
[Board "2"]
[White "Shengelia, David"]
[Black "Bernasek, Jan"]
[Result "1-0"]
[WhiteElo "2529"]
[BlackElo "2506"]
[PlyCount "69"]
[EventDate "2012.11.02"]
[EventType "team"]
[EventRounds "11"]
[EventCountry "AUT"]
[WhiteTeam "SK Advisory Invest Baden"]
[BlackTeam "SK Zwettl"]

1. d4 Nf6 2. c4 e6 3. Nc3 Bb4 4. a3 Bxc3+ 5. bxc3 c5 6. e3 b6 7. Bd3 Bb7 8. f3
Nc6 9. Ne2 O-O 10. e4 Ne8 11. Be3 d6 12. O-O Rc8 13. Ng3 cxd4 14. cxd4 e5 15.
d5 Na5 16. Rc1 Ba6 17. Qa4 f6 18. f4 Rf7 19. Be2 exf4 20. Rxf4 Rfc7 21. Bg4
Rxc4 22. Be6+ Kh8 23. Rxc4 Rxc4 24. Qd1 Rc7 25. Rh4 g5 26. Rh6 Nc4 27. Bd4 Ne5
28. Qh5 Bb5 29. h4 Qe7 30. Nf5 Qf8 31. hxg5 fxg5 32. Qxg5 a5 33. Nxd6 Qf1+ 34.
Kh2 Rg7 35. Bxe5 1-0

[Event "AUT_chT 2012/13"]
[Site "Hohenems"]
[Date "2012.11.04"]
[Round "3"]
[Board "3"]
[White "Groetz, Harald"]
[Black "Jankovic, Alojzije"]
[Result "0-1"]
[WhiteElo "2279"]
[BlackElo "2538"]
[PlyCount "92"]
[EventDate "2012.11.02"]
[EventType "team"]
[EventRounds "11"]
[EventCountry "AUT"]
[WhiteTeam "SK Zwettl"]
[BlackTeam "SK Advisory Invest Baden"]

1. e4 c5 2. Nc3 d6 3. f4 g6 4. Nf3 Bg7 5. Bc4 Nc6 6. O-O e6 7. d3 Nge7 8. Qe1
O-O 9. Bb3 Na5 10. Bd2 Nec6 11. Kh1 a6 12. Nd1 d5 13. Bxa5 Nxa5 14. exd5 Nxb3
15. axb3 exd5 16. Qd2 Bf5 17. Nc3 c4 18. bxc4 dxc4 19. d4 b5 20. Rfe1 Bh6 21.
Re5 Bg7 22. Ree1 Bh6 23. Re5 Qd6 24. Ne4 Qc7 25. Nf6+ Kg7 26. d5 Qd6 27. Ne4
Bxe4 28. Rxe4 Rfe8 29. Rae1 Rxe4 30. Rxe4 Rd8 31. g4 Kf8 32. b3 cxb3 33. cxb3
Qxd5 34. Qxd5 Rxd5 35. Ne5 f5 36. gxf5 gxf5 37. Re2 Bxf4 38. Nc6 Rd2 39. Rxd2
Bxd2 40. Nd4 f4 41. Ne6+ Kf7 42. Nc7 Bb4 43. Kg2 Bd6 44. Nxa6 Ke6 45. Kf3 Kd5
46. h3 Ke5 0-1

[Event "AUT_chT 2012/13"]
[Site "Hohenems"]
[Date "2012.11.04"]
[Round "3"]
[Board "4"]
[White "Tuncer, Ufuk"]
[Black "Blatny, Pavel"]
[Result "1/2-1/2"]
[WhiteElo "2313"]
[BlackElo "2420"]
[PlyCount "71"]
[EventDate "2012.11.02"]
[EventType "team"]
[EventRounds "11"]
[EventCountry "AUT"]
[WhiteTeam "SK Advisory Invest Baden"]
[BlackTeam "SK Zwettl"]

1. e4 Nf6 2. e5 Nd5 3. d4 d6 4. c4 Nb6 5. exd6 exd6 6. Nc3 Be7 7. Be2 c6 8. h3
Na6 9. Nf3 h6 10. Be3 Bf5 11. d5 c5 12. Qd2 Nd7 13. a3 Nc7 14. Bf4 Bh7 15. Bd3
Bxd3 16. Qxd3 Nf6 17. O-O Qd7 18. Rfe1 O-O 19. Bh2 Rfe8 20. b4 b6 21. Re2 Bf8
22. bxc5 bxc5 23. Rb2 Reb8 24. Rab1 Qc8 25. Rxb8 Rxb8 26. Rxb8 Qxb8 27. Qc2 Na8
28. Nd2 Nb6 29. Qb1 Qe8 30. Kf1 Na4 31. Nxa4 Qxa4 32. Qb3 Qa5 33. Qd3 Qa4 34.
Qb3 Qa5 35. Qd3 Qa4 36. Qb3 1/2-1/2

[Event "AUT_chT 2012/13"]
[Site "Hohenems"]
[Date "2012.11.04"]
[Round "3"]
[Board "5"]
[White "Pisk, Petr"]
[Black "Siebrecht, Sebastian"]
[Result "1/2-1/2"]
[WhiteElo "2381"]
[BlackElo "2494"]
[PlyCount "29"]
[EventDate "2012.11.02"]
[EventType "team"]
[EventRounds "11"]
[EventCountry "AUT"]
[WhiteTeam "SK Zwettl"]
[BlackTeam "SK Advisory Invest Baden"]

1. d4 d5 2. c4 c6 3. cxd5 cxd5 4. Nc3 Nc6 5. Bf4 Nf6 6. e3 a6 7. Bd3 g6 8. h3
Bf5 9. Nf3 Bxd3 10. Qxd3 e6 11. O-O Bd6 12. Bh6 Bf8 13. Bf4 Bd6 14. Bh6 Bf8 15.
Bf4 1/2-1/2

[Event "AUT_chT 2012/13"]
[Site "Hohenems"]
[Date "2012.11.04"]
[Round "3"]
[Board "3"]
[White "Kuljasevic, Davorin"]
[Black "Pinter, Jozsef"]
[Result "1-0"]
[WhiteElo "2564"]
[BlackElo "2552"]
[PlyCount "93"]
[EventDate "2012.11.02"]
[EventType "team"]
[EventRounds "11"]
[EventCountry "AUT"]
[WhiteTeam "ASVOE Fundermax St.Veit"]
[BlackTeam "SK Sparkasse Fuerstenfeld"]

1. d4 d5 2. c4 e6 3. Nf3 Nf6 4. Nc3 c5 5. cxd5 Nxd5 6. e4 Nxc3 7. bxc3 cxd4 8.
cxd4 Bb4+ 9. Bd2 Bxd2+ 10. Qxd2 O-O 11. Bc4 Nc6 12. O-O b6 13. Rfe1 Na5 14. Bd3
Bb7 15. d5 Rc8 16. Qf4 Qe7 17. d6 Qf6 18. Qg3 e5 19. d7 Rc5 20. Rac1 Nc6 21.
Rxc5 bxc5 22. Bb5 Qe6 23. Rd1 Nd4 24. Nxe5 Bxe4 25. Qh4 f6 26. Qxe4 fxe5 27. f4
Rd8 28. Bd3 g6 29. Rc1 Kg7 30. Rxc5 Rxd7 31. Bc4 Qg4 32. Qxe5+ Kh6 33. Qg5+
Qxg5 34. fxg5+ Kg7 35. Rd5 Rxd5 36. Bxd5 h6 37. gxh6+ Kxh6 38. Kf2 Kg5 39. Ke3
Nf5+ 40. Ke4 Kf6 41. Bb3 Ke7 42. g4 Nh4 43. g5 Kd6 44. Kf4 Nf5 45. Bf7 Ne7 46.
h3 a5 47. a4 1-0

[Event "AUT_chT 2012/13"]
[Site "Hohenems"]
[Date "2012.11.04"]
[Round "3"]
[Board "6"]
[White "Schwarhofer, Christopher"]
[Black "Hebesberger, Thomas"]
[Result "0-1"]
[WhiteElo "2291"]
[BlackElo "2331"]
[PlyCount "92"]
[EventDate "2012.11.02"]
[EventType "team"]
[EventRounds "11"]
[EventCountry "AUT"]
[WhiteTeam "SK Sparkasse Fuerstenfeld"]
[BlackTeam "ASVOE Fundermax St.Veit"]

1. e4 d6 2. d4 g6 3. f4 d5 4. e5 h5 5. Bd3 Nh6 6. Nf3 Bf5 7. Be3 e6 8. Nc3 Nd7
9. Ne2 c6 10. Ng3 Bxd3 11. Qxd3 h4 12. Ne2 Nf5 13. O-O-O Qa5 14. Kb1 c5 15. Bd2
Qc7 16. g4 hxg3 17. hxg3 Rxh1 18. Rxh1 Nxd4 19. Nexd4 cxd4 20. Rh7 Nc5 21. Qb5+
Qd7 22. Qxd7+ Nxd7 23. Ng5 Nc5 24. Bb4 Rc8 25. Nxf7 d3 26. c3 Rc7 27. Bxc5 Bxc5
28. Rh8+ Ke7 29. Ng5 Kd7 30. Kc1 Be3+ 31. Kd1 Rc6 32. Rh7+ Kc8 33. Nf7 Rb6 34.
Nd6+ Kb8 35. b3 a5 36. Rg7 a4 37. b4 d4 38. b5 Rxd6 39. Rg8+ Ka7 40. exd6 dxc3
41. Rc8 c2+ 42. Rxc2 dxc2+ 43. Kxc2 Kb6 44. Kd3 Bc5 45. d7 Kc7 46. b6+ Kxd7 0-1

[Event "AUT_chT 2012/13"]
[Site "Hohenems"]
[Date "2012.11.04"]
[Round "3"]
[Board "2"]
[White "Horvath, Jozsef"]
[Black "Markus, Robert"]
[Result "1/2-1/2"]
[WhiteElo "2536"]
[BlackElo "2610"]
[PlyCount "61"]
[EventDate "2012.11.02"]
[EventType "team"]
[EventRounds "11"]
[EventCountry "AUT"]
[WhiteTeam "SK Husek Wien"]
[BlackTeam "SK Sparkasse Jenbach"]

1. c4 Nf6 2. Nc3 g6 3. g3 Bg7 4. Bg2 O-O 5. e4 d6 6. Nge2 e5 7. d3 c6 8. O-O a6
9. b4 b5 10. a4 bxc4 11. dxc4 Qc7 12. Qd3 Be6 13. Rd1 Nbd7 14. Qxd6 Qxd6 15.
Rxd6 Rfc8 16. b5 axb5 17. cxb5 cxb5 18. Nxb5 Bf8 19. Rd1 Bb3 20. Rd2 Rxa4 21.
Rxa4 Bxa4 22. Rb2 Rc2 23. Rxc2 Bxc2 24. Nec3 Bc5 25. Ba3 Bxa3 26. Nxa3 Bb3 27.
Bf1 Nc5 28. Bc4 Bxc4 29. Nxc4 Ncxe4 30. Nxe4 Nxe4 31. Nxe5 1/2-1/2

[Event "AUT_chT 2012/13"]
[Site "Hohenems"]
[Date "2012.11.04"]
[Round "3"]
[Board "4"]
[White "Juhasz, Kristof"]
[Black "Boensch, Uwe"]
[Result "1/2-1/2"]
[WhiteElo "2331"]
[BlackElo "2528"]
[PlyCount "60"]
[EventDate "2012.11.02"]
[EventType "team"]
[EventRounds "11"]
[EventCountry "AUT"]
[WhiteTeam "SK Husek Wien"]
[BlackTeam "SK Sparkasse Jenbach"]

1. Nf3 Nf6 2. c4 e6 3. g3 d5 4. Bg2 a6 5. b3 Be7 6. Bb2 O-O 7. O-O b5 8. Qc2
Bb7 9. d4 Nc6 10. Nbd2 Nb4 11. Qc1 dxc4 12. bxc4 bxc4 13. Nxc4 c5 14. Rd1 Qc7
15. dxc5 Qxc5 16. Bd4 Qb5 17. a4 Qh5 18. h3 Rac8 19. g4 Qd5 20. Bxf6 Bxf6 21.
Rxd5 Bxd5 22. Rb1 Rxc4 23. Qe3 Be4 24. Nd2 Nd5 25. Qxe4 Rxe4 26. Nxe4 Nc3 27.
Nxc3 Bxc3 28. Rc1 Bb4 29. Bb7 a5 30. Rc8 Rxc8 1/2-1/2

[Event "AUT_chT 2012/13"]
[Site "Hohenems"]
[Date "2012.11.04"]
[Round "3"]
[Board "5"]
[White "Bischoff, Klaus"]
[Black "Wallner, Joachim"]
[Result "1/2-1/2"]
[WhiteElo "2519"]
[BlackElo "2378"]
[PlyCount "60"]
[EventDate "2012.11.02"]
[EventType "team"]
[EventRounds "11"]
[EventCountry "AUT"]
[WhiteTeam "SK Sparkasse Jenbach"]
[BlackTeam "SK Husek Wien"]

1. e4 Nf6 2. e5 Nd5 3. d4 d6 4. c4 Nb6 5. exd6 exd6 6. Nc3 Be7 7. Nf3 Bg4 8.
Be2 O-O 9. b3 Nc6 10. h3 Bh5 11. Be3 Re8 12. O-O Bf6 13. Qd2 d5 14. c5 Nc8 15.
b4 Bxf3 16. Bxf3 N8e7 17. g4 g6 18. a3 Qd7 19. Ne2 Nd8 20. Nf4 Ne6 21. Bg2 Bg7
22. a4 Nxf4 23. Bxf4 Nc6 24. Be3 f5 25. b5 Nd8 26. g5 Ne6 27. f4 c6 28. Rab1
Re7 29. Rb3 Rae8 30. Bf3 Nc7 1/2-1/2

[Event "AUT_chT 2012/13"]
[Site "Hohenems"]
[Date "2012.11.04"]
[Round "3"]
[Board "3"]
[White "Dizdar, Goran"]
[Black "Maksimenko, Andrei"]
[Result "1-0"]
[WhiteElo "2491"]
[BlackElo "2543"]
[PlyCount "70"]
[EventDate "2012.11.02"]
[EventType "team"]
[EventRounds "11"]
[EventCountry "AUT"]
[WhiteTeam "SK Absam"]
[BlackTeam "ASVOE Wulkaprodersdorf"]

1. Nf3 c5 2. c4 Nc6 3. d4 cxd4 4. Nxd4 Qb6 5. e3 Nf6 6. Nc3 e6 7. Be2 d5 8.
cxd5 Nxd5 9. Nxd5 exd5 10. Nxc6 bxc6 11. O-O Be7 12. b3 O-O 13. Bd3 Bf6 14. Rb1
Ba6 15. Bxa6 Qxa6 16. Bb2 Bxb2 17. Rxb2 Qb6 18. Rc2 Rfe8 19. Qc1 Re6 20. Rc5
Rd8 21. Qc3 Rdd6 22. h3 h6 23. Rd1 Re4 24. Rd4 Rxd4 25. Qxd4 Re6 26. Qc3 Qa6
27. Qc2 Qb6 28. a3 Qa6 29. Qc1 Rf6 30. b4 Re6 31. Qc3 h5 32. Qc1 Qb6 33. Qc2 g6
34. Qc3 Kf8 35. a4 f6 1-0

[Event "AUT_chT 2012/13"]
[Site "Hohenems"]
[Date "2012.11.04"]
[Round "3"]
[Board "4"]
[White "Polzin, Rainer"]
[Black "De Francesco, Klaus"]
[Result "1/2-1/2"]
[WhiteElo "2465"]
[BlackElo "2236"]
[PlyCount "90"]
[EventDate "2012.11.02"]
[EventType "team"]
[EventRounds "11"]
[EventCountry "AUT"]
[WhiteTeam "ASVOE Wulkaprodersdorf"]
[BlackTeam "SK Absam"]

1. e4 e6 2. d4 d5 3. Nc3 Bb4 4. e5 c5 5. a3 Bxc3+ 6. bxc3 Ne7 7. Qg4 cxd4 8.
Bd3 Nbc6 9. cxd4 Qc7 10. Nf3 Bd7 11. O-O O-O-O 12. Qxg7 Rhg8 13. Qh6 Nf5 14.
Bxf5 exf5 15. Bg5 Rde8 16. Bf6 Be6 17. Qxh7 Qa5 18. Qh6 Rg4 19. h3 Rg6 20. Qf4
Qc3 21. Rfe1 Kb8 22. Rac1 Qxa3 23. c3 Qa6 24. Nh4 Rgg8 25. Re3 Qc4 26. Rce1 Ne7
27. Bxe7 Rxe7 28. Nxf5 Rc7 29. Nd6 Qa2 30. Rg3 Rxg3 31. Qxg3 a5 32. Qg8+ Bc8
33. h4 Qb2 34. h5 Qxc3 35. Rf1 Qd2 36. Qf8 Rc1 37. g3 a4 38. h6 a3 39. h7 a2
40. h8=Q Rxf1+ 41. Kxf1 a1=Q+ 42. Kg2 Qxf2+ 43. Kxf2 Qb2+ 44. Ke3 Qc3+ 45. Ke2
Qc2+ 1/2-1/2

[Event "AUT_chT 2012/13"]
[Site "Hohenems"]
[Date "2012.11.04"]
[Round "3"]
[Board "6"]
[White "Volkmann, Friedrich Karl"]
[Black "Gerhold, Michael"]
[Result "1/2-1/2"]
[WhiteElo "2416"]
[BlackElo "2256"]
[PlyCount "64"]
[EventDate "2012.11.02"]
[EventType "team"]
[EventRounds "11"]
[EventCountry "AUT"]
[WhiteTeam "ASVOE Wulkaprodersdorf"]
[BlackTeam "SK Absam"]

1. e4 c5 2. Nf3 e6 3. d4 cxd4 4. Nxd4 Nf6 5. Nc3 Nc6 6. g3 d5 7. Bg2 Bb4 8.
exd5 exd5 9. O-O Bxc3 10. bxc3 O-O 11. Bf4 Bg4 12. Qd3 Qd7 13. Rfe1 Rac8 14.
Nxc6 Rxc6 15. Be5 Rd8 16. Bxf6 gxf6 17. Bxd5 Rd6 18. c4 Be6 19. Qd4 Bxd5 20.
cxd5 Rxd5 21. Qxa7 Qc6 22. c4 Rd4 23. Rab1 R8d7 24. h4 Kg7 25. Qb8 Qxc4 26. Re8
Rd1+ 27. Rxd1 Rxd1+ 28. Kh2 Rh1+ 29. Kxh1 Qf1+ 30. Kh2 Qxf2+ 31. Kh3 Qf1+ 32.
Kh2 Qf2+ 1/2-1/2

[Event "AUT_chT 2012/13"]
[Site "Hohenems"]
[Date "2012.11.04"]
[Round "3"]
[Board "1"]
[White "Lenic, Luka"]
[Black "Ragger, Markus"]
[Result "1/2-1/2"]
[WhiteElo "2618"]
[BlackElo "2655"]
[PlyCount "31"]
[EventDate "2012.11.02"]
[EventType "team"]
[EventRounds "11"]
[EventCountry "AUT"]
[WhiteTeam "SV Raika Rapid Feffernitz"]
[BlackTeam "SK MPOE Maria Saal"]

1. d4 Nf6 2. c4 e6 3. g3 d5 4. Nf3 Bb4+ 5. Bd2 Be7 6. Bg2 O-O 7. O-O c6 8. Qc2
b6 9. Rd1 Ba6 10. b3 Nbd7 11. Bf4 Rc8 12. Nc3 Nh5 13. Bc1 Nhf6 14. Bf4 Nh5 15.
Bc1 Nhf6 16. Bf4 1/2-1/2

[Event "AUT_chT 2012/13"]
[Site "Hohenems"]
[Date "2012.11.04"]
[Round "3"]
[Board "2"]
[White "Buhmann, Rainer"]
[Black "Sebenik, Matej"]
[Result "1/2-1/2"]
[WhiteElo "2593"]
[BlackElo "2537"]
[PlyCount "62"]
[EventDate "2012.11.02"]
[EventType "team"]
[EventRounds "11"]
[EventCountry "AUT"]
[WhiteTeam "SK MPOE Maria Saal"]
[BlackTeam "SV Raika Rapid Feffernitz"]

1. Nf3 Nf6 2. c4 e6 3. g3 d5 4. d4 c5 5. cxd5 cxd4 6. Bg2 Nxd5 7. O-O Bc5 8.
Nxd4 O-O 9. Nc3 Bb6 10. Nxd5 exd5 11. Be3 Nc6 12. Rc1 Qf6 13. Nxc6 bxc6 14. Bc5
Re8 15. Qd2 Bf5 16. e3 h5 17. Qc3 Qxc3 18. Rxc3 Rab8 19. Bxb6 Rxb6 20. b3 Ra6
21. Ra1 Rb8 22. a3 Be6 23. Bf3 Ra5 24. Bd1 c5 25. Rac1 Rxa3 26. Rxc5 g6 27. Bf3
Raxb3 28. Bxd5 Bxd5 29. Rxd5 Rb1 30. Rxb1 Rxb1+ 31. Kg2 Ra1 1/2-1/2

[Event "AUT_chT 2012/13"]
[Site "Hohenems"]
[Date "2012.11.04"]
[Round "3"]
[Board "3"]
[White "Skoberne, Jure"]
[Black "Pavasovic, Dusko"]
[Result "1/2-1/2"]
[WhiteElo "2543"]
[BlackElo "2557"]
[PlyCount "31"]
[EventDate "2012.11.02"]
[EventType "team"]
[EventRounds "11"]
[EventCountry "AUT"]
[WhiteTeam "SV Raika Rapid Feffernitz"]
[BlackTeam "SK MPOE Maria Saal"]

1. c4 e6 2. g3 d5 3. Nf3 Nf6 4. Bg2 dxc4 5. Qa4+ c6 6. Qxc4 b5 7. Qb3 Bb7 8. a4
a6 9. d4 Nbd7 10. O-O c5 11. axb5 Bd5 12. Qc2 Be4 13. Qb3 Bd5 14. Qc2 Be4 15.
Qb3 Bd5 16. Qc2 1/2-1/2

[Event "AUT_chT 2012/13"]
[Site "Hohenems"]
[Date "2012.11.04"]
[Round "3"]
[Board "4"]
[White "Kreisl, Robert"]
[Black "Zorko, Jure"]
[Result "1/2-1/2"]
[WhiteElo "2410"]
[BlackElo "2464"]
[PlyCount "63"]
[EventDate "2012.11.02"]
[EventType "team"]
[EventRounds "11"]
[EventCountry "AUT"]
[WhiteTeam "SK MPOE Maria Saal"]
[BlackTeam "SV Raika Rapid Feffernitz"]

1. Nf3 Nf6 2. c4 e6 3. g3 a6 4. Bg2 b5 5. b3 Bb7 6. Nc3 bxc4 7. bxc4 c5 8. Rb1
Ra7 9. O-O Be7 10. d3 O-O 11. Bd2 d6 12. Qa4 Nbd7 13. Rb2 Qc7 14. Rfb1 Bc6 15.
Qc2 Raa8 16. Nh4 Rfb8 17. Bxc6 Qxc6 18. Nf3 h6 19. Qa4 Qxa4 20. Nxa4 Rxb2 21.
Rxb2 Rb8 22. Bc3 Rxb2 23. Bxb2 Ne8 24. Kf1 Bf6 25. Bxf6 Nexf6 26. e3 Kf8 27.
Ke2 Ke7 28. Nd2 Ne5 29. f4 Nc6 30. a3 h5 31. h3 g6 32. Kf3 1/2-1/2

[Event "AUT_chT 2012/13"]
[Site "Hohenems"]
[Date "2012.11.04"]
[Round "3"]
[Board "6"]
[White "Hartl, Daniel"]
[Black "Schreiner, Peter"]
[Result "1/2-1/2"]
[WhiteElo "2272"]
[BlackElo "2442"]
[PlyCount "82"]
[EventDate "2012.11.02"]
[EventType "team"]
[EventRounds "11"]
[EventCountry "AUT"]
[WhiteTeam "SK MPOE Maria Saal"]
[BlackTeam "SV Raika Rapid Feffernitz"]

1. d4 Nf6 2. c4 g6 3. g3 d5 4. cxd5 Nxd5 5. Bg2 Bg7 6. Nf3 Nb6 7. Nc3 Nc6 8. e3
O-O 9. O-O Re8 10. Re1 a5 11. Qe2 e5 12. Nxe5 Nxe5 13. dxe5 Bxe5 14. f4 Bg7 15.
e4 Be6 16. Be3 Nc4 17. Bf2 Qd2 18. e5 Qxb2 19. Qxb2 Nxb2 20. Reb1 Nd3 21. Rxb7
Nxf2 22. Kxf2 f6 23. Rxc7 Rac8 24. Nd5 fxe5 25. Ne7+ Rxe7 26. Rxe7 exf4 27. Rd1
fxg3+ 28. hxg3 Bxa2 29. Bd5+ Bxd5 30. Rxd5 Rf8+ 31. Kg2 Rf7 32. Re8+ Rf8 33.
Rxf8+ Bxf8 34. Rxa5 h5 35. Ra7 Bg7 36. Kf3 Kh7 37. g4 hxg4+ 38. Kxg4 Kh6 39.
Rf7 Be5 40. Rf3 Bd4 41. Rh3+ Kg7 1/2-1/2

[Event "AUT_chT 2012/13"]
[Site "Hohenems"]
[Date "2012.11.04"]
[Round "3"]
[Board "3"]
[White "Felsberger, Alfred"]
[Black "Novkovic, Milan"]
[Result "1-0"]
[WhiteElo "2366"]
[BlackElo "2403"]
[PlyCount "85"]
[EventDate "2012.11.02"]
[EventType "team"]
[EventRounds "11"]
[EventCountry "AUT"]
[WhiteTeam "Club 7 Ansfelden"]
[BlackTeam "SK Hohenems"]

1. e4 c5 2. Nf3 e6 3. d4 cxd4 4. Nxd4 Nf6 5. Nc3 d6 6. Be2 a6 7. O-O Qc7 8. a4
Nc6 9. Be3 Be7 10. f4 O-O 11. Kh1 Re8 12. Bf3 Bd7 13. Qd2 Na5 14. Qf2 Nc4 15.
Bc1 e5 16. Nde2 exf4 17. Nxf4 Be6 18. Qg3 Kh8 19. Nxe6 fxe6 20. Ne2 Bf8 21. Bg5
Ne5 22. Nd4 Qf7 23. Qh3 Nxf3 24. Rxf3 e5 25. Bxf6 gxf6 26. Nf5 d5 27. Ng3 Bg7
28. Raf1 Rad8 29. c3 b5 30. axb5 axb5 31. Qh4 b4 32. h3 bxc3 33. bxc3 d4 34.
cxd4 exd4 35. Qf4 f5 36. Nxf5 Be5 37. Qh4 Qg6 38. Nh6 Bc7 39. Nf7+ Kg8 40. e5
Rd7 41. Rg3 Rxf7 42. Rxg6+ hxg6 43. Qh7+ 1-0

[Event "AUT_chT 2012/13"]
[Site "Hohenems"]
[Date "2013.01.17"]
[Round "4"]
[Board "1"]
[White "Balogh, Csaba"]
[Black "Baramidze, David"]
[Result "1-0"]
[WhiteElo "2641"]
[BlackElo "2612"]
[PlyCount "93"]
[EventDate "2012.11.02"]
[EventType "team"]
[EventRounds "11"]
[EventCountry "AUT"]
[WhiteTeam "SK Advisory Invest Baden"]
[BlackTeam "SK Hohenems"]

1. e4 e5 2. Nf3 Nc6 3. Bb5 a6 4. Ba4 Nf6 5. O-O Be7 6. d3 b5 7. Bb3 d6 8. a4
Bd7 9. c3 O-O 10. Bc2 Re8 11. Re1 Bf8 12. h3 Ne7 13. d4 Ng6 14. Nbd2 c5 15. d5
Nf4 16. Nf1 N6h5 17. Be3 Qf6 18. Kh2 g6 19. Ng1 g5 20. g3 Qh6 21. gxf4 gxf4 22.
Bd2 Kh8 23. Kh1 Be7 24. Nh2 Rg8 25. Qf3 Nf6 26. axb5 axb5 27. Rxa8 Rxa8 28. Bd3
Rg8 29. Bf1 Qg6 30. Bg2 Nxe4 31. Rxe4 f5 32. Rxf4 exf4 33. Ne2 Bf6 34. Nxf4 Qe8
35. Nf1 c4 36. Ng3 Qa8 37. Nfh5 Qa1+ 38. Kh2 Be5 39. Bf4 Qe1 40. Ne2 Rg5 41.
Bxe5+ dxe5 42. Nf6 Bc8 43. Qe3 f4 44. Qc5 Kg7 45. Qe7+ Kg6 46. Nxf4+ Kf5 47.
N6h5 1-0

[Event "AUT_chT 2012/13"]
[Site "Hohenems"]
[Date "2013.01.17"]
[Round "4"]
[Board "3"]
[White "Shengelia, David"]
[Black "Braun, Arik"]
[Result "0-1"]
[WhiteElo "2529"]
[BlackElo "2556"]
[PlyCount "140"]
[EventDate "2012.11.02"]
[EventType "team"]
[EventRounds "11"]
[EventCountry "AUT"]
[WhiteTeam "SK Advisory Invest Baden"]
[BlackTeam "SK Hohenems"]

1. Nf3 Nf6 2. c4 e6 3. g3 b6 4. Bg2 Bb7 5. O-O Be7 6. Nc3 O-O 7. d4 Ne4 8. Qc2
Nxc3 9. Qxc3 f5 10. Rd1 Bf6 11. Bf4 d6 12. Qa3 Be4 13. Qe3 Qe7 14. Bg5 Nd7 15.
Bh3 Rae8 16. Rac1 h6 17. Bxf6 Nxf6 18. c5 Bd5 19. cxd6 cxd6 20. Qa3 Ne4 21. Nd2
Rc8 22. Nxe4 fxe4 23. Qe3 Qg5 24. Qxg5 hxg5 25. a3 Kf7 26. e3 Bb3 27. Re1 a6
28. Bg2 d5 29. f3 exf3 30. Bxf3 Ke7 31. Be2 b5 32. Bd3 Kd6 33. Rxc8 Rxc8 34.
Kf2 e5 35. dxe5+ Kxe5 36. h4 Rf8+ 37. Ke2 Bc4 38. hxg5 Rf5 39. b3 Bxd3+ 40.
Kxd3 Rxg5 41. Rg1 Rg4 42. Rg2 g5 43. Rg1 d4 44. exd4+ Kd5 45. Kc3 a5 46. b4 a4
47. Rg2 Re4 48. Rd2 g4 49. Kc2 Re3 50. Rd3 Re2+ 51. Kc1 Rf2 52. Kb1 Rg2 53. Kc1
Ke4 54. Rd1 Rxg3 55. d5 Rc3+ 56. Kb2 Rc7 57. d6 Rd7 58. Kc3 g3 59. Rd4+ Kf3 60.
Rd3+ Kg4 61. Rd4+ Kh3 62. Rd3 Kh2 63. Rd5 g2 64. Rh5+ Kg3 65. Rg5+ Kf3 66. Kd4
Rxd6+ 67. Kc5 Rd3 68. Kxb5 Rxa3 69. Ka5 Kf2 70. b5 g1=Q 0-1

[Event "AUT_chT 2012/13"]
[Site "Hohenems"]
[Date "2013.01.17"]
[Round "4"]
[Board "4"]
[White "Bindrich, Falko"]
[Black "Tuncer, Ufuk"]
[Result "1-0"]
[WhiteElo "2559"]
[BlackElo "2313"]
[PlyCount "77"]
[EventDate "2012.11.02"]
[EventType "team"]
[EventRounds "11"]
[EventCountry "AUT"]
[WhiteTeam "SK Hohenems"]
[BlackTeam "SK Advisory Invest Baden"]

1. Nf3 Nf6 2. d4 g6 3. g3 Bg7 4. Bg2 O-O 5. O-O d6 6. a4 Na6 7. a5 c6 8. b3 Nd7
9. Bb2 Re8 10. e4 e5 11. dxe5 Nxe5 12. Nxe5 dxe5 13. Nd2 Qc7 14. Nc4 Be6 15.
Qe2 Rad8 16. Bc3 Nc5 17. b4 Bxc4 18. Qxc4 Ne6 19. Rfd1 b5 20. Qa2 a6 21. Be1
Rxd1 22. Rxd1 Rd8 23. Rb1 Bh6 24. c3 Rd6 25. h4 Qd8 26. Bh3 Nc7 27. Qe2 Bd2 28.
h5 Kg7 29. Kg2 Ne8 30. Bxd2 Rxd2 31. Qe3 gxh5 32. Bf5 h6 33. Rh1 Rd3 34. Qb6
Qa8 35. Qc5 Qb8 36. Qxc6 Rd6 37. Qc5 Rd2 38. Rxh5 Nf6 39. Rxh6 1-0

[Event "AUT_chT 2012/13"]
[Site "Hohenems"]
[Date "2013.01.17"]
[Round "4"]
[Board "5"]
[White "Siebrecht, Sebastian"]
[Black "Atlas, Valery"]
[Result "1-0"]
[WhiteElo "2494"]
[BlackElo "2448"]
[PlyCount "153"]
[EventDate "2012.11.02"]
[EventType "team"]
[EventRounds "11"]
[EventCountry "AUT"]
[WhiteTeam "SK Advisory Invest Baden"]
[BlackTeam "SK Hohenems"]

1. c4 Nf6 2. Nc3 c5 3. g3 g6 4. Bg2 Bg7 5. Nf3 d6 6. d4 O-O 7. dxc5 dxc5 8.
Qxd8 Rxd8 9. Be3 Na6 10. O-O Ng4 11. Bg5 f6 12. Bc1 Bd7 13. b3 Bc6 14. Bb2 f5
15. Rab1 Nc7 16. Rfd1 Rac8 17. h3 Nh6 18. Na4 Ne6 19. Bxg7 Kxg7 20. Ne5 Bxg2
21. Kxg2 Nf7 22. Nd3 b6 23. Nc3 Nc7 24. a4 a5 25. Nf4 e5 26. Rxd8 Rxd8 27. Ncd5
Nxd5 28. Ne6+ Kf6 29. Nxd8 Nc3 30. Rc1 Nxe2 31. Re1 Nxd8 32. Rxe2 Ne6 33. f3
Nd4 34. Re1 Nc2 35. Rc1 Nd4 36. Kf2 e4 37. fxe4 fxe4 38. Ke3 Ke5 39. g4 h5 40.
Rf1 Nc2+ 41. Kd2 Nd4 42. Rf2 h4 43. Ke3 Nf3 44. Rf1 Nd4 45. Rf2 Nf3 46. Rg2 Ne1
47. Rd2 Nd3 48. Rd1 Nf4 49. Rd8 Ng2+ 50. Kf2 Nf4 51. Rd7 Nxh3+ 52. Ke3 Nf4 53.
Re7+ Ne6 54. Rh7 Nf4 55. Re7+ Ne6 56. Re8 h3 57. Re7 Kf6 58. Rh7 Ng5 59. Rh4
Ke5 60. Rh6 Nf3 61. Rxh3 Nd4 62. Rh2 Nxb3 63. Rb2 Nd4 64. Rxb6 Nc2+ 65. Kd2 Na3
66. Kc3 e3 67. Kd3 e2 68. Kxe2 Nxc4 69. Rxg6 Nb2 70. Ra6 Nxa4 71. g5 Nc3+ 72.
Kf3 Ne4 73. g6 Ng5+ 74. Kg4 Ne6 75. Rxe6+ Kxe6 76. Kg5 c4 77. Kh6 1-0